[Event "Washington State-chB"]
[Site "Redmond"]
[Date "2019.02.23"]
[Round "7"]
[White "Frantz, Joseph"]
[Black "Perestjuk, Marko"]
[Result "0-1"]
[WhiteElo "1930"]
[BlackElo "2140"]
[PlyCount "64"]
[EventDate "2019.02.16"]
[EventType "tourn"]
[EventRounds "9"]
[EventCountry "USA"]
[SourceTitle "EXT 2023"]
[Source "ChessBase"]
[SourceDate "2022.10.05"]
[SourceVersion "1"]
[SourceVersionDate "2022.10.05"]
[SourceQuality "1"]

1. e4 c5 2. Nf3 d6 3. d4 cxd4 4. Nxd4 Nf6 5. Nc3 a6 6. Bc4 e6 7. Bb3 Be7 8. Qf3 Qc7 9. Bg5 Bd7 10. 0-0 Nc6 11. Rad1 Ne5 12. Qe2 Rc8 13. Kh1 Nc4 14. Bc1 b5 15. f4 b4 16. Na4 Bb5 17. e5 dxe5 18. Nxb5 axb5 19. fxe5 Nd5 20. Qg4 0-0 21. Qg3 bxa4 22. Bxc4 Qxc4 23. Bh6 g6 24. Bxf8 Bxf8 25. Qf3 Rc7 26. Rf2 Qxa2 27. b3 axb3 28. cxb3 Qa7 29. g3 Qe3 30. Qxe3 Nxe3 31. Re1 Rc3 32. Rb2 Bg7 0-1

[Event "Washington State-chB"]
[Site "Redmond"]
[Date "2019.02.18"]
[Round "5"]
[White "Frantz, Joseph"]
[Black "Levine, Joseph1"]
[Result "0-1"]
[WhiteElo "1930"]
[BlackElo "2057"]
[PlyCount "68"]
[EventDate "2019.02.16"]
[EventType "tourn"]
[EventRounds "9"]
[EventCountry "USA"]
[SourceTitle "EXT 2023"]
[Source "ChessBase"]
[SourceDate "2022.10.05"]
[SourceVersion "1"]
[SourceVersionDate "2022.10.05"]
[SourceQuality "1"]

1. f4 d5 2. g3 Nf6 3. Nf3 Bf5 4. Bg2 e6 5. 0-0 Be7 6. d3 h6 7. Qe1 Nc6 8. c3 Bh7 9. Nbd2 Nd7 10. g4 h5 11. h3 hxg4 12. hxg4 Bc5+ 13. d4 Be7 14. b4 a6 15. Qg3 Bg6 16. Ne5 Ndxe5 17. fxe5 Na7 18. e4 c6 19. exd5 cxd5 20. Nb3 Nc8 21. Nc5 Qc7 22. Bf3 b6 23. Na4 Bd3 24. Bxd5 Bxf1 25. Bxa8 Bb5 26. Nb2 Bc6 27. Bxc6+ Qxc6 28. Qg2 Qxc3 29. Bd2 Qxb2 30. Qc6+ Kd8 31. Rc1 Qxd4+ 32. Kf1 Qd7 33. Qa8 Rh2 34. Be3 Qd3+ 0-1